Noms de personnes célèbres par éléments chimiques n°5 - Statistiques

Statistiques générales
  • Ce quiz a été pris 209 fois
  • Le résultat moyen est 4 sur 5
Statistiques - réponses
Indices Eléments chimiques Personnages % Correct
Humoriste Cobalt-Lutécium-Carbone-Hélium Coluche
95%
Fabuliste Lanthane Fluor-Oxygène-Azote-Tantale-Iode-Néon Jean de La Fontaine
94%
Chanteuse Soufre-Hélium-Iode-Lanthane Sheila
88%
Homme d'Etat Néon-Hydrogène-Ruthénium Jawaharlal Nehru
85%
Inventeur Yttrium-Oxygène-Potassium-Oxygène-Iode Gunpei Yokoi
75%
Aucun quiz correspondant
Distribution des résultats
% des personnes avec chaque résultat
Percentile par nombre de réponses
Votre historique - résultats
Vous n’avez pas pris ce quiz